| 000 | 00453nam a2200157Ia 4500 | ||
|---|---|---|---|
| 008 | 240729s9999 xx 000 0 und d | ||
| 022 | _a2601-6974 | ||
| 245 | 0 | _aJournal of Experimental and Molecular Biology | |
| 260 | _aRomania | ||
| 260 | _b"Alexandru Ioan Cuza" University of Iași | ||
| 650 | _a Biology (General) | ||
| 650 | _aScience | ||
| 856 | _uhttps://doaj.org/toc/78a65ffde15d41b1a9e71560915ea168 | ||
| 942 | _2ddc | ||
| 942 | _cDOAJEJ | ||
| 999 |
_c66976 _d66976 |
||
| 945 |
_a1 _bMadushi Gamage _c1 _dMadushi Gamage |
||